| 000 | 00480nam a22001817a 4500 | ||
|---|---|---|---|
| 005 | 20230918103200.0 | ||
| 008 | 230908b |||||||| |||| 00| 0 eng d | ||
| 020 | _a9783662437759 | ||
| 082 |
_a617.1027 _bLMH-S |
||
| 100 | _aLmhoff,Andreas B. | ||
| 245 | _aSurgical Atlas of Sports Orthopaedics and Sports Traumatology | ||
| 260 |
_aSingapore _bSpringer _c2015 |
||
| 300 | _a369 | ||
| 500 | _aInclude Index | ||
| 650 | _aMedical | ||
| 700 | _aAndreas B.Lmhoff | ||
| 999 |
_c33480 _d33480 |
||